000 00678nam a2200205 i 4500
001 53137
003 ES-MaACL
005 20250930063052.0
007 t|
008 950908s1894 fr ||||1| fre d
040 _aCAM
_bspa
_cCAM
080 _a821.133.1-34"15"
100 1 _aDu Fail, Noël,
_d1520?-1591
_945706
245 1 4 _aLes baliverneries et les contes d'Eutrapel /
_cpar Noël du Fail; texte original et glossaire avec notice par E. Courbet.
260 _aParis :
_bAlphonse Lemerre,
_c1894.
300 _a2 v. (LXXIX-290, 296 p.) ;
_c18 cm.
700 1 _aCourbet, Ernest,
_d1837-1916
_9161184
852 _aES-MaACL
_jG-1990-91
999 _c53137
_d53137